| 000 | 01464nam a2200397 i 4500 | ||
|---|---|---|---|
| 001 | 000013970 | ||
| 003 | DO-SdBNP | ||
| 005 | 20260527082809.0 | ||
| 007 | ta | ||
| 008 | 091202s2006 dr c 000 j spa d | ||
| 020 | _a9993442496 | ||
| 040 |
_aDO-SdBNP _bspa _cBNPHU _erda |
||
| 041 | _aspa | ||
| 082 | 4 |
_aRD863.44 _bV443v 2006 _222 |
|
| 100 | 1 |
_aVeloz Maggiolo, Marcio, _d1936-2021 _eautor _4aut. _91104 |
|
| 245 | 1 | 3 |
_aLa vida no tiene nombre ; Nosotros los suicidas / _cMarcio Veloz Maggiolo ; presentación, Alejandro Arvelo. |
| 250 | _aEdición fascímilar | ||
| 264 | 4 |
_aSanto Domingo : _bDirección General de la Feria del Libro, _c©2006. |
|
| 300 |
_aviii, 100 páginas ; _c23 cm. |
||
| 336 |
_atexto _btxt _2rdacontent |
||
| 337 |
_asin mediación _bn _2rdamedia |
||
| 338 |
_avolumen _bnc _2rdacarrier |
||
| 490 | 1 |
_aFerilibro ; _v88 |
|
| 490 | 1 | _aTestimonio | |
| 501 | _aPublicado con: Nosotros los suicidas | ||
| 533 |
_aFacsímil: _bSanto Domingo: _cArte y Cine. _d1965. _fTestimonio |
||
| 563 | _aDos obras encuadernadas juntas con paginación continua. | ||
| 590 | _aInventariado, 2020/VM | ||
| 650 | 4 |
_aNovela histórica dominicana. _9860 |
|
| 650 | 4 |
_aLiteratura dominicana. _967 |
|
| 700 | 1 |
_aVeloz Maggiolo, Marcio, _d1936-2021 _tNosotros los suicidas _91104 |
|
| 700 | 1 |
_aArvelo, Alejandro, _epresentación _9147 |
|
| 830 | 0 |
_aFerilibro _n88 _pTestimonio _989772 |
|
| 910 | _aValidado. Control de calidad MMOLINA | ||
| 942 |
_2ddc _cLBS1 |
||
| 999 |
_c13574 _d13574 |
||